000 00334nam a2200145Ia 4500
008 230917s9999||||xx |||||||||||||| ||und||
040 _e58668
_aMAIN
041 _aEnglish
082 _a861.6092 N358M
100 _aNeruda, Pablo
245 0 _aMemoirs
260 _aLondon
_bSouvenir Press
_c1977
300 _a370 p.
942 _cBK
999 _c174357
_d174357